| 000 | 00665nam a22002297a 4500 | ||
|---|---|---|---|
| 003 | OSt | ||
| 005 | 20210420055650.0 | ||
| 008 | 201126s1969 ||||| |||| 00| 0 eng d | ||
| 020 | _a0721665500 | ||
| 040 |
_aeng _beng _cDLC |
||
| 041 | _aeng | ||
| 080 |
_a616-08 _bM-84 |
||
| 100 |
_9360 _aMorgan, L. William Jr. |
||
| 245 |
_aThe Clinical Approach to the Patient _c/ by: W. B. Saunders Company |
||
| 260 |
_aPhiladelphia _bW. B. Saunders Company _c1969 |
||
| 300 |
_a314 p. _bill. |
||
| 650 | 0 |
_9285 _aPatient Care |
|
| 650 | 0 |
_9349 _aBecoming A Doctor |
|
| 653 | _aპაციენტის მოვლა | ||
| 700 |
_9363 _aEngel, L. George |
||
| 942 |
_2udc _cBK |
||
| 999 |
_c451 _d451 |
||